000 00931nam a2200229 a 4500
001 64284
003 BD-RjUL
005 20211209081305.0
008 170213r19941957ii ||||| |||| 00| j ben d
020 _c: Tk. 25.00
035 _a(BD-RjUL)64414
040 _aBD-RjUL
_bben
_cBD-RjUL
041 _aben
082 _223
_a891.44309
_bGOB 1994
100 1 _aগঙ্গোপাধ্যায়, নারায়ণ
_9190910
245 1 0 _aবাংলা গল্প-বিচিত্রা /
_cনারায়ণ গঙ্গোপাধ্যায়
260 _aকলিকাতা :
_bপ্রকাশ ভবন,
_c১৯৫৭ [মুদ্রণ ১৯৯৪]
300 _a১২৪ পৃ. ;
_c১৯ সেমি.
650 _aবাংলা উপন্যাস
_xইতিহাস ও সমালোচনা
_9179529
650 _aBengali Fiction
_xHistory and Criticism
_9188742
942 _2ddc
_cBK
999 _c64284
_d64284